000 00664nam a2200289Ia 4500
005 20260324140231.0
008 008 260324s9999 xx 000 0 eng d
020 _a9781315840123
037 _aEBOOK
040 _aCRL
040 _beng
040 _cCRL
041 _2eng
041 _aeng
084 _qCRL
100 _aK.Theodore Hoppen
_91203621
245 0 _aIreland since 1800
245 0 _bConflict and Conformity
260 _bTaylor and Francis
260 _c1999
365 _a
365 _b230
856 _uhttp://www.taylorfrancis.com/books/9781315840123
942 _cEBOOK
999 _c1805485
_d1805485